| 000 | 00334nam a2200133Ia 4500 | ||
|---|---|---|---|
| 005 | 20251222144923.0 | ||
| 008 | 251222s9999||||xx |||||||||||||| ||spa|| | ||
| 020 | _a9972-2909-9-9 | ||
| 082 | _a362.785/T27/Ej.2 | ||
| 100 | _aTazza Malta, Rosana Rebeca | ||
| 245 | 0 | _a¿Obesidad o Desnutrición?: | |
| 264 | _bKreagraf | ||
| 942 | _cLIB | ||
| 999 |
_c22797 _d22797 |
||